| 000 | 00374nam a2200145Ia 4500 | ||
|---|---|---|---|
| 008 | 151213s9999 xx 000 0 und d | ||
| 100 | _aSteven Nameroff | ||
| 245 |
_aQuick basic _bThe complete reference _cSteven Nameroff |
||
| 260 |
_aNew York _bMcGraw hill _c1989 |
||
| 300 | _a755 p. | ||
| 650 | _aComputer | ||
| 650 | _aComputer | ||
| 700 | _aSteven Nameroff | ||
| 999 |
_c948 _d948 |
||